Les 27 Pays dans lesquels le Français est langue officielle - Statistiques

Statistiques générales
  • Ce quiz a été pris 54 fois
  • Le résultat moyen est 19 sur 27
Réponses sur la Carte
Les réponses sont colorées sur une échelle allant du rouge au vert en fonction du pourcentage des utilisateurs qui les ont devinées à leur premier essai. Vous pouvez retrouver ces pourcentages ci-dessous.
 
Statistiques - réponses
Pays % Correct
France
98%
Suisse
98%
Belgique
90%
Canada
90%
Sénégal
88%
République Démocratique du Congo
86%
Côte d'Ivoire
82%
Luxembourg
82%
République du Congo
82%
Monaco
80%
Cameroun
78%
Togo
78%
Gabon
73%
Guinée
73%
Madagascar
71%
Bénin
67%
Haïti
67%
République Centrafricaine
65%
Tchad
61%
Burundi
55%
Comores
53%
Rwanda
53%
Seychelles
49%
Guinée Equatoriale
45%
Djibouti
43%
Vanuatu
39%
Vatican
27%
Aucun quiz correspondant
Distribution des résultats
% des personnes avec chaque résultat
Percentile par nombre de réponses
Votre historique - résultats
Vous n’avez pas pris ce quiz